| 000 | 00000nam##2200000za#4500 |
| 001 | 9.604515 |
| 003 | CaOODSP |
| 005 | 20210624211640 |
| 007 | cr ||||||||||| |
| 008 | 150406|2007||||xxc|||||o f|0| 0 fre|d |
| 040 | |aCaOODSP|bfre |
| 043 | |an-cn--- |
| 086 | 1 |aT41-1/50F-PDF |
| 110 | 1 |aCanada. |bTransports Canada. |
| 245 | 10|aPonts multimodaux : |h[ressource électronique]|bsuppression des obstacles au transport durable |
| 260 | |aOttawa - Ontario : |bTransports Canada |cJuillet 2007. |
| 300 | |a5p.|bphotographies |
| 490 | 1 |aÉtudes de cas sur les transports durables|vÉtude de cas nº 50 |
| 500 | |aEn tête du titre : Programme de démonstration en transport urbain. |
| 590 | |a12-36-Supp|b2012-08-22 |
| 775 | 08|tMultimodal bridges : |w(CaOODSP)9.574785 |
| 830 | #0|aÉtudes de cas sur les transports durables ;|vÉtude de cas nº 50|w(CaOODSP)9.503247 |
| 856 | 40|ahttp://publications.gc.ca|qPDF|s540 Ko|uhttps://publications.gc.ca/collections/collection_2012/tc/T41-1-50-fra.pdf|yÉtude de cas nº 50 |